Formaȯ̂ humans̕tica Resoluȯ̂ nð. 75. Conselho Nacional de Justiȧ

Detalles Bibliográficos
Autor principal: Brito, Rafael Almeida Cr̤
Formato: eBook
Lenguaje:portugués
Publicado: Sô Paulo : Editora NELPA, 2012
Materias:
Acceso en línea:http://www.vlex.com/source/6774

MARC

LEADER 00000nam a22000007a 4500
005 20130122175354.0
007 cr|||| ||||
008 130122e2012 bl |||||s|||| 00||0 por d
020 |a 8588018942  
035 |a 6774 
040 |a vLex 
090 |c 3584  |d 3584 
100 1 0 |a Brito, Rafael Almeida Cr̤ 
245 1 0 |a Formaȯ̂ humans̕tica  |b Resoluȯ̂ nð. 75. Conselho Nacional de Justiȧ  |h [Recurso electrn̤ico] 
256 |a Servicio en ln̕ea 
260 |a Sô Paulo :  |b Editora NELPA,  |c 2012 
300 |a 1 Recurso electrn̤ico 
650 0 4 |a Sociologa̕ 
650 0 4 |a Organizacin̤ judicial  |z Brasil 
650 0 4 |a Jurisprudencia  |z Brasil 
740 |a vLex Libros (Servicio en ln̕ea) 
856 |a Acceso restringido  |u http://www.vlex.com/source/6774 
942 |c BOOK 
999 0 |a Sociology